<?xml version="1.0" encoding="UTF-8"?>
<record
    xmlns:xsi="http://www.w3.org/2001/XMLSchema-instance"
    xsi:schemaLocation="http://www.loc.gov/MARC21/slim http://www.loc.gov/standards/marcxml/schema/MARC21slim.xsd"
    xmlns="http://www.loc.gov/MARC21/slim">

  <leader>01055nam a22002537a 4500</leader>
  <controlfield tag="005">20170124103217.0</controlfield>
  <datafield tag="010" ind1=" " ind2=" ">
    <subfield code="a">B-043202</subfield>
  </datafield>
  <datafield tag="020" ind1=" " ind2=" ">
    <subfield code="c">500.00</subfield>
  </datafield>
  <datafield tag="035" ind1=" " ind2=" ">
    <subfield code="a">B-043202</subfield>
  </datafield>
  <datafield tag="037" ind1=" " ind2=" ">
    <subfield code="b">Cen Lib/Ret</subfield>
  </datafield>
  <datafield tag="040" ind1=" " ind2=" ">
    <subfield code="a">DPL</subfield>
    <subfield code="b">HN</subfield>
  </datafield>
  <datafield tag="082" ind1=" " ind2=" ">
    <subfield code="a">323.34</subfield>
    <subfield code="b">&#x905;&#x902;&#x938;&#x93E;&#x930;&#x940; </subfield>
  </datafield>
  <datafield tag="100" ind1=" " ind2=" ">
    <subfield code="a">&#x905;&#x902;&#x938;&#x93E;&#x930;&#x940;, &#x90D;&#x92E;.&#x90F;.</subfield>
    <subfield code="9">107504</subfield>
  </datafield>
  <datafield tag="245" ind1=" " ind2=" ">
    <subfield code="a">&#x92E;&#x939;&#x93F;&#x932;&#x93E; &#x914;&#x930; &#x92E;&#x93E;&#x928;&#x935;&#x905;&#x927;&#x93F;&#x915;&#x93E;&#x930; /</subfield>
    <subfield code="c">&#x90D;&#x92E;.&#x90F;. &#x905;&#x902;&#x938;&#x93E;&#x930;&#x940;</subfield>
  </datafield>
  <datafield tag="246" ind1=" " ind2=" ">
    <subfield code="a">Mahila aur manavadhikaar </subfield>
    <subfield code="b">by M.A. Ansari </subfield>
  </datafield>
  <datafield tag="260" ind1=" " ind2=" ">
    <subfield code="a">&#x91C;&#x92F;&#x92A;&#x941;&#x930; </subfield>
    <subfield code="b">&#x91C;&#x94D;&#x92F;&#x94B;&#x924;&#x93F; &#x92A;&#x94D;&#x930;&#x915;&#x93E;&#x936;&#x928; </subfield>
    <subfield code="c">2000</subfield>
  </datafield>
  <datafield tag="270" ind1=" " ind2=" ">
    <subfield code="a">187, &#x92C;&#x930;&#x915;&#x924; &#x928;&#x917;&#x930; &#x91F;&#x94B;&#x902;&#x915; &#x92B;&#x93E;&#x91F;&#x915; </subfield>
    <subfield code="b">&#x91C;&#x92F;&#x92A;&#x941;&#x930; </subfield>
    <subfield code="e">302015</subfield>
  </datafield>
  <datafield tag="300" ind1=" " ind2=" ">
    <subfield code="a">376&#x92A;&#x943;&#x937;&#x94D;&#x920; </subfield>
    <subfield code="c">20&#x938;&#x947;&#x92E;&#x940;(&#x938;&#x91C;&#x93F;&#x932;&#x94D;&#x926;)</subfield>
  </datafield>
  <datafield tag="650" ind1=" " ind2=" ">
    <subfield code="a">&#x928;&#x93E;&#x930;&#x940; &#x905;&#x927;&#x93F;&#x915;&#x93E;&#x930; </subfield>
    <subfield code="9">3679</subfield>
  </datafield>
  <datafield tag="650" ind1=" " ind2=" ">
    <subfield code="a">&#x938;&#x93E;&#x92E;&#x93E;&#x91C;&#x93F;&#x915; &#x938;&#x941;&#x930;&#x915;&#x94D;&#x937;&#x93E; - &#x928;&#x93E;&#x930;&#x940; &#x909;&#x924;&#x94D;&#x92A;&#x940;&#x921;&#x928; </subfield>
    <subfield code="9">78638</subfield>
  </datafield>
  <datafield tag="650" ind1=" " ind2=" ">
    <subfield code="a">Women's rights</subfield>
    <subfield code="9">3897</subfield>
  </datafield>
  <datafield tag="650" ind1=" " ind2=" ">
    <subfield code="a">Social Security - female harassment</subfield>
    <subfield code="9">99432</subfield>
  </datafield>
  <datafield tag="942" ind1=" " ind2=" ">
    <subfield code="2">ddc</subfield>
    <subfield code="c">HN</subfield>
    <subfield code="h">323.34</subfield>
    <subfield code="m">&#x905;&#x902;&#x938;&#x93E;&#x930;&#x940; </subfield>
  </datafield>
  <datafield tag="999" ind1=" " ind2=" ">
    <subfield code="c">121568</subfield>
    <subfield code="d">121568</subfield>
  </datafield>
  <datafield tag="952" ind1=" " ind2=" ">
    <subfield code="0">0</subfield>
    <subfield code="1">0</subfield>
    <subfield code="4">0</subfield>
    <subfield code="7">0</subfield>
    <subfield code="a">L</subfield>
    <subfield code="b">L</subfield>
    <subfield code="d">2015-10-09</subfield>
    <subfield code="e">Cen Lib/Ret</subfield>
    <subfield code="g">500.00</subfield>
    <subfield code="l">0</subfield>
    <subfield code="o">323.34 &#x905;&#x902;&#x938;&#x93E;&#x930;&#x940;</subfield>
    <subfield code="p">B-043202</subfield>
    <subfield code="r">2015-10-09 00:00:00</subfield>
    <subfield code="t">1</subfield>
    <subfield code="v">500.00</subfield>
    <subfield code="w">2015-10-09</subfield>
    <subfield code="y">HN</subfield>
    <subfield code="z">Legal Case (Register No. 2019)</subfield>
  </datafield>
</record>
